Código civil

保存先:
書誌詳細
フォーマット: 図書
言語:スペイン語
出版事項: Santiago Jurídica de Chile 2006
版:17a. ed
主題:
タグ: タグ追加
タグなし, このレコードへの初めてのタグを付けませんか!

MARC

LEADER 00000nam a2200000 a 4500
001 UCJ2094
003 CL-VaPUC
008 061124e20060000CL |||||||||||||||||spa|d
020 |a 95617229 
082 0 4 |a 346.83  |b COD  |2 21 
245 1 0 |a Código civil 
250 |a 17a. ed 
300 |a 1174 p 
942 |c BK 
945 |d 20061124 00:00:00  |a jtorresc 
260 |a Santiago  |b Jurídica de Chile  |c 2006 
500 |a Edición actualizada al 21 de septiembre de 2006 
650 0 |a Código civil  |9 256135 
650 0 |a Nacionalidad  |9 357571 
650 7 |a MUERTE CIVIL  |2 CL-VaPUC  |9 408709 
650 7 |a MATRIMONIO  |2 CL-VaPUC  |9 503048 
650 7 |a TUTELAJE  |2 CL-VaPUC  |9 408711 
650 7 |a SUCESION  |2 CL-VaPUC  |9 375829 
650 0 |a Contratos  |9 255153 
583 |a last modification  |c 20061124 00:00:00  |k Rodrigo Vera 
999 |c 318508  |d 318506 
952 |0 0  |1 0  |4 0  |6 346_830000000000000_COD_2006  |7 0  |8 R  |9 396330  |a BIBDER  |b BIBDER  |d 2019-11-22  |i 4301684  |o 346.83 COD 2006  |p 4301684  |r 2019-11-22  |w 2019-11-22  |y BK_R  |k DER 
952 |0 0  |1 0  |4 0  |6 346_830000000000000_COD_2006  |7 0  |8 R  |9 396332  |a BIBDER  |b BIBDER  |d 2019-11-22  |i 4301676  |o 346.83 COD 2006  |p 4301676  |r 2019-11-22  |w 2019-11-22  |y BK_R  |k DER